| 000 | 00542nam a2200133 a 4500 | ||
|---|---|---|---|
| 008 | 140527s1988 ||||||||||||||||| || u | ||
| 050 | _aTDRC(058)AR/1988 | ||
| 110 | _aTropical Diseases Research Centre (TDRC) | ||
| 245 | 1 | 0 | _aTropical Diseases Research Centre seventh annual report 1988 |
| 260 |
_aNdola _bTDRC _c1988 |
||
| 300 | _aiii, 43p. | ||
| 650 | _aTROPICAL DISEASES RESEARCH CENTRE--ZAMBIA | ||
| 995 |
_FCBU-MAIN LIBRARY (Kitwe) _M1 _UAVAILABLE _WMay 27, 2014 _ZInternational Publications |
||
| 999 |
_c60462 _d60462 |
||